000 00495nam a2200157Ia 4500
008 100122s9999 xx 000 0 und d
082 _b13929
_a327.1
100 _aबडोदेकर जयवंत
245 _aयुतिशिवाय गती नाही
250 _a0
260 _bब.ना.जोग
_c1966
300 _a76
630 _aयुतिशिवाय गती नाही
730 _aयुतिशिवाय गती नाही
942 _cBOOK
999 _c404636
_d404633